| 000 | 01042cam a22002054a 4500 | ||
|---|---|---|---|
| 005 | 20250605164041.0 | ||
| 008 | 250528s ||||||||||||||||||||||||d | ||
| 035 | _a17000 | ||
| 020 | _a415073561 | ||
| 040 |
_aGR-AtMCL _bgre _dGR-AtMCL _eAACR2 |
||
| 245 | 1 | _aSexing the Self / Gendered Positions in Cultural Studies | |
| 250 | _a1st | ||
| 260 |
_bRouledge, _c1993 |
||
| 300 | _a190 | ||
| 520 | _aAn important and highly original contribution to the problem of experience in feminism and cultural studies. Acknowledgements, Introduction: Speaking the Self and Other Feminist Subjects, A Problematic: Speaking the Self, Problematic Selves: The Irony of the Feminine, Moving Selves and Stationary Others: Ethnography's Ontological Dilemma, Materializing Locations: Images and Selves, Technologizing the Self: Foucault and ''Le Souci du Toi'', Without her I'm Nothing: Feminisms with Attitude, Conclusion: Sexing the Self, Bibliography, Index. | ||
| 700 | 1 |
_aProbyn Elspeth _93125 |
|
| 942 | _cBK | ||
| 999 |
_c2441 _d2441 |
||